| 000 | 00931nam2a22002411 4500 | ||
|---|---|---|---|
| 001 | RU\NLR\Per\640989 | ||
| 005 | 20250617175700.0 | ||
| 035 | _a(NLR Aleph) 002890673 | ||
| 090 |
_a3361531 _c3361531 |
||
| 100 | _a20091109d2009 |||y0rusy50 ca | ||
| 101 | 0 | _arus | |
| 102 | _aRU | ||
| 105 | _ay ||||||||| | ||
| 200 | 0 | _a2009, № 3 (67) | |
| 210 |
_d2009 _aБ. м. |
||
| 461 | 0 |
_1001RU\NLR\INFOCOMM4\1000555662 _12001#$aМедицина катастроф$fСпециализ. науч.-практ. центр экстр. мед. помощи "Защита"$v2009, № 3 (67) _93046935 _cМ. _d1992- _fСпециализ. науч.-практ. центр экстр. мед. помощи "Защита" _tМедицина катастроф _x2070-1004 _v2009, № 3 (67) |
|
| 801 | 1 |
_aRU _bInfoComm _c20040423 |
|
| 801 | 0 |
_aRU _bNLR _gPSBO |
|
| 852 |
_aNLR _jП16/1685 |
||
| 942 | _cISSUE | ||
| 980 | _aNB | ||
| 980 | _aRUSPER | ||